02358nam a22002297a 450000500170000000700150001700800410003202000180007303500100009104000090010110000250011024501470013525600240028226000360030630000280034250013360037050602700170665000480197670000250202474000380204985600410208720240305165612.0cr|||| |||| 210819s2019 ca |||||s|||| 00||0 eng d a9781552215180 a34972 avLex1 aBen-Ishai, Stephanie10aBankruptcy and Insolvency Law in Canadah[Recurso electrónico] :bCases, Materials, and Problems /cStephanie Ben-Ishai, Thomas G. W. Telfer aServicio en línea aToronto:bIrwin Law Inc.,c2019 a1 recurso electrónico aAuthored by leading experts from across the country, Bankruptcy and Insolvency Law in Canada: Cases, Materials, and Problems reimagines the traditional casebook. It includes an instructor’s manual and is offered in conjunction with an illustrated guide featuring helpful visual aids and diagrams. This casebook provides clear, accessible, and detailed textual commentary on the law by using modern and illustrative cases and presents problem-solving exercises to challenge students to do what lawyers are renowned for — provide solutions. This up-to-date resource fosters an appreciation for the law by analyzing the intellectual, political, and practical importance of bankruptcy legislation, and the manner in which it permeates many aspects of corporate, commercial, and consumer law. In addition to providing an overview of the key issues in contemporary law, this book addresses the procedural aspects involved in different types of bankruptcy and insolvency proceedings, and their impact on debtors and creditors. This “all-in-one” course package explains and clarifies the interplay of social, economic, and legal issues in the development of modern bankruptcy policy, and it is an invaluable resource for professors, law students, and practitioners seeking to understand the operation of the Canadian bankruptcy system.1 aDisponible solo en los productos indicadosdvLex GlobaldvLex Global (Academic Edition, excluding Law Schools)dvLex Global (U.S. Academic Edition, Law Schools)dvLex Global (U.S. Academic Edition, excluding Law Schools)dvLex Global (Academic Edition, Law Schools)04aDerecho Mercantil y de la EmpresazCanadá1 aTelfer, Thomas G. W.0 avLex Libros (Servicio en línea)40uhttps://app.vlex.com/#/sources/34972